Dreadnought Battleships of the Royal Navy - Statistics

General Stats
  • This quiz has been taken 730 times
  • The average score is 30 of 43
Answer Stats
Class Answer % Correct
King George V Class (1911) HMS King George V
98%
King George V Class (1939) HMS King George V
98%
Iron Duke Class HMS Iron Duke
97%
Nelson Class HMS Nelson
96%
Queen Elizabeth Class HMS Queen Elizabeth
96%
Revenge Class HMS Revenge
96%
Orion Class HMS Orion
95%
Bellerophon Class HMS Bellerophon
93%
Colossus Class HMS Colossus
93%
King George V Class (1939) HMS Prince of Wales
93%
St. Vincent Class HMS St. Vincent
92%
Nelson Class HMS Rodney
88%
Queen Elizabeth Class HMS Warspite
86%
King George V Class (1939) HMS Duke of York
85%
HMS Dreadnought
83%
Revenge Class HMS Royal Oak
82%
King George V Class (1939) HMS Anson
80%
Queen Elizabeth Class HMS Barham
78%
King George V Class (1939) HMS Howe
78%
St. Vincent Class HMS Vanguard
76%
HMS Vanguard
76%
Queen Elizabeth Class HMS Malaya
75%
Revenge Class HMS Royal Sovereign
75%
Revenge Class HMS Ramillies
70%
Queen Elizabeth Class HMS Valiant
65%
HMS Agincourt
60%
Revenge Class HMS Resolution
58%
HMS Canada
57%
Iron Duke Class HMS Emperor of India
55%
HMS Erin
53%
Iron Duke Class HMS Marlborough
53%
Orion Class HMS Thunderer
53%
King George V Class (1911) HMS Ajax
50%
Orion Class HMS Conqueror
50%
Iron Duke Class HMS Benbow
49%
HMS Neptune
49%
Orion Class HMS Monarch
48%
King George V Class (1911) HMS Audacious
47%
Bellerophon Class HMS Temeraire
46%
Colossus Class HMS Hercules
43%
St. Vincent Class HMS Collingwood
42%
King George V Class (1911) HMS Centurion
40%
Bellerophon Class HMS Superb
40%
No matching quizzes found
Score Distribution
Percent of People with Each Score
Percentile by Number Answered
Your Score History
You have not taken this quiz